000 00479cam a22001934a 4500
005 20250605164326.0
008 250528s ||||||||||||||||||||||||d
035 _a23057
020 _a9780763714314
040 _aGR-AtMCL
_bgre
_dGR-AtMCL
_eAACR2
245 1 _aUSER-CENTERED WEB DEVELOPMENT
250 _a1
260 _bJones And Bartlett Computer Science,
_c2001
300 _a293
700 1 _aLazar Jonathan
_98625
942 _cBK
999 _c8097
_d8097